000 00635nam a2200241Ia 4500
001 49867
005 20240114004009.0
007 ta
008 090601s1961 g b000 u 465 u
040 _aCotton College,Assam
041 _a465
082 _a070
_bDAS
100 _aDas, Bhuban M. .
245 0 _aJournal of the Assam Science Society Vol. 4 /
_cBhuban M. Das.
_hTextual Documents
250 _a1st ed /
260 _aGuwahati :
_bAssam Science Society ,
_c1961.
300 _a116p ;
_c28 cm.
653 _aJournals
653 _aBV-Science
942 _2ddc
_cBK
999 _c49832
_d49832